Glimpses of Bengal in nineteenth century (Record no. 372723)

000 -LEADER
fixed length control field 00399cam a22001337a 4500
008 - FIXED-LENGTH DATA ELEMENTS--GENERAL INFORMATION
fixed length control field 180718b1960 xxu||||| |||| 00| 0 eng d
082 ## - DEWEY DECIMAL CLASSIFICATION NUMBER
Classification number A6x5412 M289
100 ## - MAIN ENTRY--PERSONAL NAME
Personal name Majumdar, Ramesh Chandra
245 ## - TITLE STATEMENT
Title Glimpses of Bengal in nineteenth century
Statement of responsibility, etc. by Ramesh Chandra Majumdar
260 ## - PUBLICATION, DISTRIBUTION, ETC.
Place of publication, distribution, etc. Calcutta
Name of publisher, distributor, etc. Mukhopadhyay
Date of publication, distribution, etc. 1960
300 ## - PHYSICAL DESCRIPTION
Extent 112p.
650 ## - SUBJECT ADDED ENTRY--TOPICAL TERM
Topical term or geographic name entry element Education - Bengal
650 ## - SUBJECT ADDED ENTRY--TOPICAL TERM
Topical term or geographic name entry element Bengal - History
Holdings
Withdrawn status Lost status Damaged status Not for loan Permanent Location Current Location Date acquired Full call number Barcode Date last seen Price effective from Koha item type
        Indian Institute of Public Administration Indian Institute of Public Administration 1994-06-17 A6x5412 M289 26414 2018-07-21 2018-07-21 Book

Powered by Koha